Religious literature of the West (Record no. 121036)
[ view plain ]
| 000 -LEADER | |
|---|---|
| fixed length control field | 01107cam a2200289 4500 |
| 001 - CONTROL NUMBER | |
| control field | 3127737 |
| 003 - CONTROL NUMBER IDENTIFIER | |
| control field | ARRUPE |
| 005 - DATE AND TIME OF LATEST TRANSACTION | |
| control field | 20141002120227.0 |
| 008 - FIXED-LENGTH DATA ELEMENTS--GENERAL INFORMATION | |
| fixed length control field | 710601s1971 mnuab b 001 0 eng |
| 010 ## - LIBRARY OF CONGRESS CONTROL NUMBER | |
| LC control number | 70158996 |
| 020 ## - INTERNATIONAL STANDARD BOOK NUMBER | |
| International Standard Book Number | 0806611189 |
| 040 ## - CATALOGING SOURCE | |
| Original cataloging agency | DLC |
| Transcribing agency | DLC |
| Modifying agency | DLC |
| 050 00 - LIBRARY OF CONGRESS CALL NUMBER | |
| Classification number | BL71 |
| Item number | .W5 1971 |
| 082 00 - DEWEY DECIMAL CLASSIFICATION NUMBER | |
| Classification number | 291.8 |
| 300 ## - PHYSICAL DESCRIPTION | |
| Other physical details | illus., maps. |
| Dimensions | 24 cm. |
| 100 1# - MAIN ENTRY--PERSONAL NAME | |
| Personal name | Whitney, John R. |
| Fuller form of name | (John Raymond), |
| Dates associated with a name | 1920- |
| 9 (RLIN) | 11934 |
| 245 10 - TITLE STATEMENT | |
| Title | Religious literature of the West |
| Statement of responsibility, etc | [by] John R. Whitney and Susan W. Howe. |
| 260 ## - PUBLICATION, DISTRIBUTION, ETC. (IMPRINT) | |
| Place of publication, distribution, etc | Minneapolis, |
| Name of publisher, distributor, etc | Augsburg Pub. House |
| Date of publication, distribution, etc | [1971] |
| 300 ## - PHYSICAL DESCRIPTION | |
| Extent | 315 p. |
| 500 ## - GENERAL NOTE | |
| General note | Originally published under title: Student's guide to religious literature of the West. Published in 1977 under title: Comparative religious literature. |
| 504 ## - BIBLIOGRAPHY, ETC. NOTE | |
| Bibliography, etc | Bibliography: p. 308-310. |
| 630 00 - SUBJECT ADDED ENTRY--UNIFORM TITLE | |
| Uniform title | Bible |
| General subdivision | Outlines, syllabi, etc. |
| 9 (RLIN) | 11935 |
| 630 00 - SUBJECT ADDED ENTRY--UNIFORM TITLE | |
| Uniform title | Qurʼan |
| General subdivision | Outlines, syllabi, etc. |
| 9 (RLIN) | 11936 |
| 650 #0 - SUBJECT ADDED ENTRY--TOPICAL TERM | |
| Topical term or geographic name as entry element | Rabbinical literature |
| General subdivision | Outlines, syllabi, etc. |
| 9 (RLIN) | 11937 |
| 700 1# - ADDED ENTRY--PERSONAL NAME | |
| Personal name | Howe, Susan W., |
| Relator term | joint author. |
| 9 (RLIN) | 11938 |
| 906 ## - LOCAL DATA ELEMENT F, LDF (RLIN) | |
| a | 7 |
| b | cbc |
| c | orignew |
| d | 2 |
| e | ncip |
| f | 19 |
| g | y-gencatlg |
| 942 ## - ADDED ENTRY ELEMENTS (KOHA) | |
| Source of classification or shelving scheme | Library of Congress Classification |
| Koha item type | Monograph ( Printed materials) |
| Withdrawn status | Lost status | Source of classification or shelving scheme | Damaged status | Not for loan | Collection code | Home library | Current library | Shelving location | Date acquired | Total Checkouts | Full call number | Barcode | Date last seen | Price effective from | Koha item type |
|---|---|---|---|---|---|---|---|---|---|---|---|---|---|---|---|
| Library of Congress Classification | Main Collection | ARRUPE LIBRARY | ARRUPE LIBRARY | Main Collection | 02/10/2014 | BL71 .W5 1971 | 46500001351 | 26/10/2016 | 02/10/2014 | Monograph ( Printed materials) |